000
00268nam a2200109Ia 4500
008
230320s9999||||xx |||||||||||||| ||spa||
082
_a
891.51/D72/2006
100
_a
Dostoyevski, Fiodor M.
245
0
_a
Humillados Y Ofendidos
260
_b
Santillana
942
_8
0
_c
LIB
999
_c
49494
_d
49494